000 00989nam a22002297a 4500
999 _c62316
_d62316
005 20241003133638.0
008 240925s2021 enk||||| |||| 00| 0 eng d
020 _a9780323760782x
041 _aeng
080 _a616 S-67
245 _aSleisenger and Fordtran's gastrointestinal and liver disease :
_bpathophysiology, diagnosis, management. Vol. 1 /
_cMark Feldman, Lawrence S. Friedman, John S. Fordtran.
250 _a11th edition
264 _aElsevier,
_bPhiladelphia,
_c 2021.
300 _a1128 p. :
_bill.;
_c29 cm.
653 _aკუჭ-ნაწლავის და ღვიძლის დაავადება
653 _aმედიცინა
653 _aგასტროენტეროლოგია
700 _aFeldman, Mark
_eრედაქტორი
_923273
700 _a Friedman, Lawrence S.
_eრედაქტორი
_923278
700 _aBrandt, Lawrence J.
_eრედაქტორი
_923275
942 _2udc
_cᲬᲘᲒᲜᲘ